LEADER 02086nas 2200733- 450 001 9910913543103321 005 20241221110044.0 011 $a2250-1460 035 $a(DE-599)ZDB2563882-8 035 $a(OCoLC)797826766 035 $a(CKB)36703280000041 035 $a(CONSER)--2013247768 035 $a(MiFhGG)68QW 035 $a(EXLCZ)9936703280000041 100 $a20120530a20119999 --- - 101 0 $aeng 135 $aur||||||||||| 181 $ctxt$2rdacontent 182 $cc$2rdamedia 183 $acr$2rdacarrier 200 00$aAsian journal of pharmaceutical research and health care 210 1$aIndia :$cAkondi Butchi Raju,$d[2011]- 300 $aRefereed/Peer-reviewed 311 08$a2250-1444 517 1 $aAJPRHC 531 0 $aAsian j. pharm. res. health care 606 $aPharmacology$vPeriodicals 606 $aDrugs$xDesign 606 $aDrugs 606 $aPharmacology 606 $aDrug Design 606 $aDrug Evaluation 606 $aPharmaceutical Preparations 606 $aPharmacology 606 $aPharmacologie$vPériodiques 606 $aMédicaments$xConception 606 $aMédicaments 606 $aPharmacologie 606 $apharmacology$2aat 606 $aDrugs$xDesign$2fast$3(OCoLC)fst00898790 606 $aDrugs$2fast$3(OCoLC)fst00898761 606 $aPharmacology$2fast$3(OCoLC)fst01060259 608 $aPeriodical 608 $aPeriodicals.$2fast 615 0$aPharmacology 615 0$aDrugs$xDesign. 615 0$aDrugs. 615 0$aPharmacology. 615 2$aDrug Design 615 2$aDrug Evaluation 615 2$aPharmaceutical Preparations 615 2$aPharmacology 615 6$aPharmacologie 615 6$aMédicaments$xConception. 615 6$aMédicaments. 615 6$aPharmacologie. 615 7$apharmacology. 615 7$aDrugs$xDesign. 615 7$aDrugs. 615 7$aPharmacology. 906 $aJOURNAL 912 $a9910913543103321 996 $aAsian Journal of Pharmaceutical Research and Health Care$94298079 997 $aUNINA LEADER 02930oas 2201177 a 450 001 9910333135503321 005 20251114213013.0 011 $a1095-9947 035 $a(DE-599)ZDB1467514-6 035 $a(DE-599)1467514-6 035 $a(OCoLC)36967829 035 $a(CONSER)sn 97001916 035 $a(CKB)954922650162 035 $a(EXLCZ)99954922650162 100 $a19970527a19919999 sy a 101 0 $aeng 135 $aurcnu|||||||| 181 $ctxt$2rdacontent 182 $cc$2rdamedia 183 $acr$2rdacarrier 200 10$aFish & shellfish immunology 210 1$a[London] :$cAcademic Press 210 31$a[Amsterdam, Netherlands]$cElsevier 215 $a1 online resource (volumes) 300 $aRefereed/Peer-reviewed 311 08$a1050-4648 517 3 $aFish and shellfish immunology 531 0 $aFish shellfish immunol. 606 $aFishes$xImmunology$vPeriodicals 606 $aShellfish$xImmunology$vPeriodicals 606 $aCrustacea$ximmunology 606 $aFishes$ximmunology 606 $aMollusca$ximmunology 606 $aAnimals 606 $aPoissons$xImmunologie$vPe?riodiques 606 $aCrustace?s$xImmunologie$vPe?riodiques 606 $aFishes$xImmunology$2fast$3(OCoLC)fst00926518 606 $aFischereiwissenschaft$2gnd 606 $aZeitschrift$2gnd 606 $aOnline-Ressource$2gnd 606 $aSchalentiere$2gnd 606 $aImmunbiologie$2gnd 606 $aFische$2gnd 608 $aPeriodicals.$2fast 615 0$aFishes$xImmunology 615 0$aShellfish$xImmunology 615 12$aCrustacea$ximmunology. 615 12$aFishes$ximmunology. 615 12$aMollusca$ximmunology. 615 02$aAnimals. 615 6$aPoissons$xImmunologie 615 6$aCrustace?s$xImmunologie 615 7$aFishes$xImmunology. 615 7$aFischereiwissenschaft 615 7$aZeitschrift. 615 7$aOnline-Ressource 615 7$aSchalentiere 615 7$aImmunbiologie 615 7$aFische 676 $a597 801 0$bOH1 801 1$bOH1 801 2$bNSD 801 2$bOCL 801 2$bMYG 801 2$bOCLCQ 801 2$bMYG 801 2$bGUA 801 2$bOCLCQ 801 2$bMUQ 801 2$bOCL 801 2$bOCLCS 801 2$bNSD 801 2$bCIT 801 2$bOCLCQ 801 2$bEUW 801 2$bOCLCQ 801 2$bDEFHM 801 2$bOCLCO 801 2$bOCLCA 801 2$bNLE 801 2$bOCLCF 801 2$bUKMGB 801 2$bVT2 801 2$bUK7LJ 801 2$bDKU 801 2$bOCLCO 801 2$bOCLCQ 801 2$bCASUM 801 2$bUAB 801 2$bLDP 801 2$bQGK 801 2$bZYU 801 2$bOCLCA 801 2$bOCLCL 801 2$bOCLCA 801 2$bOCLCQ 906 $aJOURNAL 912 $a9910333135503321 996 $aFish & shellfish immunology$91897881 997 $aUNINA